|
|
|
|
| LEADER |
00905nab a2200229 i 4500 |
| 001 |
publ24778 |
| 005 |
20220729120452.0 |
| 008 |
220729s2022 hu o 0|| Angol d |
| 022 |
|
|
|a 2079-3200
|
| 024 |
7 |
|
|a 10.3390/jintelligence10030047
|2 doi
|
| 024 |
7 |
|
|a 33031581
|2 mtmt
|
| 040 |
|
|
|a SZTE Publicatio Repozitórium
|b hun
|
| 041 |
|
|
|a Angol
|
| 100 |
1 |
|
|a Varga Szilvia
|
| 245 |
1 |
0 |
|a Online Assessment of Morphological Awareness in Grades 2–4
|h [elektronikus dokumentum] :
|b Its Development and Relation to Reading Comprehension /
|c Varga Szilvia
|
| 260 |
|
|
|c 2022
|
| 300 |
|
|
|a Terjedelem: 19 p.-Azonosító: 47
|
| 490 |
0 |
|
|a JOURNAL OF INTELLIGENCE
|v 10 No. 3
|
| 650 |
|
4 |
|a Általános oktatás (benne képzés, pedagógia, didaktika)
|
| 700 |
0 |
1 |
|a Pásztor Attila
|e aut
|
| 700 |
0 |
1 |
|a Stekács János
|e aut
|
| 856 |
4 |
0 |
|u http://publicatio.bibl.u-szeged.hu/24778/1/jintelligence-10-00047-v2.pdf
|z Dokumentum-elérés
|